| 000 | 00680nam a2200229 i 4500 | ||
|---|---|---|---|
| 001 | bg | ||
| 100 | 1 | _aSIUTA, Władysław | |
| 245 | 1 | 0 |
_aMechanika techniczna / _cWładysław Siuta. |
| 250 | _aWyd. 25. | ||
| 260 |
_aWarszawa : _bWydawnictwa Szkolne i Pedagogiczne, _c1997. |
||
| 300 |
_a463 s. : _brys., wykr. ; _c21 cm. |
||
| 521 | _aDla kl. I-III techników mechanicznych i innych grupy przemysłowej. | ||
| 650 | 9 | _aMechanika stosowana | |
| 655 | _aPodręczniki dla szkół zawodowych | ||
| 020 | _a8302058297 | ||
| 040 | _cBPK | ||
| 041 | 0 | _apol | |
| 080 | _a621.01(075.3) | ||
| 920 | _a83-02-05829-7 | ||
| 942 | _cKS | ||
| 008 | s pl f |000 0 pol | ||
| 999 |
_c44309 _d44309 |
||
| 856 |
_uhttp://koha.tu.koszalin.pl/cgi-bin/koha/opac-detail.pl?biblionumber=44309 _yKatalog online BPK |
||